000 00633nam a2200193 a 4500
008 090115s1993 ||||||||||||||||| || u
020 _a9780240513409
050 _aTR 899 Tho
100 _aThompson, Roy
245 1 0 _aGrammar of the edit
260 _aAmsterdam
_bElsevier
_c1993
300 _a118p.: ill.
350 _a0.00
490 _aMedia manual series
650 _aMEDIA
650 _aMOTION PICTURES--EDITING
650 _aVIDEO TAPES--EDITING
995 _D0.00
_FCBU-MAIN LIBRARY (Kitwe)
_H1
_I0.00
_M1
_UAVAILABLE
_WFeb 10, 2009
_ZMain Library Open Access Collection
999 _c44883
_d44883